000 00376nam a22001337a 4500
005 20260424161323.0
008 260424b |||||||| |||| 00| 0 eng d
020 _a8127202797
050 _aPR85 RIC
100 _aRickett Arthur Compton
245 _aA Primer of English Literature
_cArthur Compton Rickett
260 _aNew Delhi
_bKalyani Publishers
_c2002
942 _2lcc
_cBK
_n0
999 _c9673
_d9673